000 nam a22 7a 4500
999 _c30318
_d30318
008 190516b xxu||||| |||| 00| 0 eng d
020 _a9789966846891
040 _amksu
050 _aBL 80.2
_b.C6 1990
100 _aMugambi, J. N. Kanyua.
245 _aA Comparative study of religions /
_cKinyua J. N. Mugambi.
250 _a2nd ed.
260 _aNairobi :
_bUniversity of Nairobi Press,
_c2010.
300 _ax,389p. ;
_c21cm.
500 _ainclude index.
504 _ainclude bibliographic references.
650 _aReligions.
942 _2lcc
_cAFRICANA
_hBL 80.2 .C6 1990